| 000 | 00681nam a2200241 4500 | ||
|---|---|---|---|
| 001 | 45406 | ||
| 010 | _a9789722908771 | ||
| 021 | _b264514/07 | ||
| 090 | _a45406 | ||
| 100 | _a20090616d2007 em y0pory5003 ba | ||
| 101 | 1 | _apor | |
| 102 | _aPT | ||
| 200 | 1 |
_aA soma dos dias _fIsabel Allende _gtrad. Isabel Pedrome _grev. Manuela Ramos |
|
| 210 | 9 |
_aAlgés, _cDifel, _d2007 |
|
| 215 |
_a358, [1] p. _d23 cm |
||
| 225 | 2 | _aLiteratura estrangeira | |
| 304 | _aTít. orig.: La suma de los dias | ||
| 675 |
_a821.134.2(83)-31"19/20" _vBN _zpor |
||
| 700 | 1 |
_aAllende, _bIsabel, _f1942- |
|
| 702 | 1 |
_aPedrome, _bIsabel _4730 |
|
| 702 | 1 |
_aRamos, _bManuela _4675 |
|
| 801 | 0 |
_aPT _bBN _gRPC |
|
| 990 | _cLIVROS | ||